000 00891nam a22002177a 4500
005 20220514115603.0
008 220514b ||||| |||| 00| 0 eng d
040 _cAloy
041 _aeng
082 _223
_a954.092
_bMUJZ
100 _aM Mujeeb
_937005
245 _aZakir Husain:
_bA biography
260 _aNew Delhi:
_b National Book Trust,
_c1972.
300 _avi,248p.
_bHB
_c20x14cm
365 _2Biography
_b9.00
_c
_d9.00
520 _aA Scholar, educationalist, philanthropist and the President of India from 1967-1969, dr. Zakir Hussain endeared himself to men of different religious communities through his secular and democratic outlook.This illuminating biography provides an intimate glimpse into the life of this great man and his work.
650 _aBiography
_936996
650 _aFormer President of India
_936997
700 _aMUJEEB (M)
_936998
942 _2ddc
_cGF
999 _c222929
_d222929